| 000 | 00347nam a22001577a 4500 | ||
|---|---|---|---|
| 003 | SGT | ||
| 020 | _a9788131758663 | ||
| 082 | _a150,WOO | ||
| 100 | _aWOOLFOLK, ANITA | ||
| 245 | _aFundamentals Of Educational Psychology | ||
| 250 | _a11th | ||
| 260 |
_aNEW DELHI _bPEARSON _c2012 |
||
| 300 | _a545 | ||
| 650 | _aEDUCATION | ||
| 942 |
_2ddc _cBK _05 |
||
| 999 |
_c26821 _d26821 |
||